000 00796nam a2200253Ia 4500
003 OSt
005 20220923223203.0
006 a|||||r|||| 00| 0
007 ta
008 220922b |||||||| |||| 00| 0 hin d
024 _a211,698
037 _cTextual
040 _aARTS
_cARTS
_bhin
041 _2hin
_ahin
082 _aO152,3N4016,AV, L3
100 _aजगोत्ता, राजेन्द्र
245 0 _aअवहेेलना
246 _aAvaheelanā
260 _aआगरा
_b यूनिको पब्लि
_c1973
300 _a132पृ.
_ccm.
650 _aहिन्दी साहित्य
_9156264
942 _hO152,3N4016,AV, L3
_cTEXL
_2CC
999 _c361973
_d361973